Unsung heroes of the mud-flats

Bibliographic Details
Corporate Author: Institut Penyelidikan Perhutanan Malaysia
Other Authors: H.Ismail, I.Shamsudin
Format: Book
Published: Kula Lumpur : Institut Penyelidikan Perhutanan Malaysia , 2010
Subjects:

MARC

LEADER 00000cam a2200000 7i4500
001 0000003764
005 20110602.0
020 0 0 |a 9789675221507 
090 0 0 |a 634.9737630720595   |b RAJA 2010 
245 0 0 |a Unsung heroes of the mud-flats   |c R.J. Raja Barizan, I.Shamsudin &H.Ismail 
260 0 0 |a Kula Lumpur :   |b Institut Penyelidikan Perhutanan Malaysia ,   |c 2010 
300 |a xiii, 115 p. :   |b ill. ;   |c 22 cm. 
500 0 0 |a Mangrove plants---Research---Malaysia 
650 0 0 |a Mangrove conservation---Research---Malaysia 
700 0 1 |a H.Ismail 
700 0 1 |a I.Shamsudin 
710 1 1 |a Institut Penyelidikan Perhutanan Malaysia 
999 |a 007611   |b Monograph   |c Open Shelf   |e Default branch